Covariant loop quantum gravity an elementary introduction to quantum gravity and spinfoam theory (Record no. 39094)

MARC details
000 -LEADER
fixed length control field 00742nam a2200181 a 4500
008 - FIXED-LENGTH DATA ELEMENTS--GENERAL INFORMATION
fixed length control field 200721s2015 ||||||||||||||||| || u
020 ## - INTERNATIONAL STANDARD BOOK NUMBER
International Standard Book Number 9781107069626
050 ## - LIBRARY OF CONGRESS CALL NUMBER
Classification number QC 178 Rov
100 ## - MAIN ENTRY--PERSONAL NAME
Personal name Rovelli, Carlo
245 10 - TITLE STATEMENT
Title Covariant loop quantum gravity an elementary introduction to quantum gravity and spinfoam theory
Statement of responsibility, etc. By Carlo Rovelli; Francesca Vidotto
260 ## - PUBLICATION, DISTRIBUTION, ETC.
Place of publication, distribution, etc. Cambridge
Name of publisher, distributor, etc. Cambridge University Press
Date of publication, distribution, etc. 2015
300 ## - PHYSICAL DESCRIPTION
Extent xii, 254 pages :illustrtions
350 ## - PRICE (NR) (BK AM CF MU VM SE) [OBSOLETE]
Price 56.84
650 ## - SUBJECT ADDED ENTRY--TOPICAL TERM
Topical term or geographic name entry element QUANTUM--GRAVITY
650 ## - SUBJECT ADDED ENTRY--TOPICAL TERM
Topical term or geographic name entry element QUANTUM COSMOLOGY
700 ## - ADDED ENTRY--PERSONAL NAME
Personal name Vidotto, Francesca
995 ## - RECOMMENDATION 995 [LOCAL, UNIMARC FRANCE]
-- CBU-MAIN LIBRARY (Kitwe)
-- 56.84
-- 1
-- AVAILABLE
-- Jul 24, 2020
-- Main Library Open Access Collection
Holdings
Withdrawn status Lost status Source of classification or shelving scheme Damaged status Not for loan Home library Current library Shelving location Date acquired Total Checkouts Full call number Barcode Date last seen Price effective from Koha item type
          CBU-MAIN LIBRARY, KITWE. CBU-MAIN LIBRARY, KITWE.   11/30/2022   QC 178 Rov 750383 11/30/2022 11/30/2022 MONOGRAPH